La Promoció d'habitatge assequible amb sistemes industrialitzats : oportunitat i repte per al món local oportunitat i repte per al món local

Publicado: Barcelona : Diputació de Barcelona , 2024
Descripción Física: 234 pàgines ; il·lustracions color ; 24 cm
Descripción: Recull d'articles basats en les intervencions del seminari «La promoció d'edificis d'habitatges assequibles amb sistemes constructius industrialitzats: oportunitat i repte per al món local», organitzat pel Consorci Universitat Internacional Menéndez Pelayo i la Diputació de Barcelona...
Otros Autores: Wadel, Gerardo
Idioma: Catalán

MARC

LEADER 00000nam a2200000 i 4500
001 28933
003 AGDB
005 20260324181533.0
008 240705s2024 spc|||||o|||||0|| 0 cat|c
017 |a B 14300-2024  |b Biblioteca de Catalunya 
020 |z 9788410278080 
040 |a ES-BaCBA  |b cat  |e rda  |c ES-BaCBA 
245 0 3 |a La Promoció d'habitatge assequible amb sistemes industrialitzats :   |b oportunitat i repte per al món local 
250 |a 1a edició juliol de 2024 
264 1 |a Barcelona :  |b Diputació de Barcelona ;   |c 2024 
300 |a 234 pàgines ;   |b il·lustracions color ;   |c 24 cm 
336 |a text  |b txt  |2 rdacontent 
490 |a Col·lecció Estudis ;  |a Sèrie Urbanisme i Habitatge ;   |v 7 
520 |a Recull d'articles basats en les intervencions del seminari «La promoció d'edificis d'habitatges assequibles amb sistemes constructius industrialitzats: oportunitat i repte per al món local», organitzat pel Consorci Universitat Internacional Menéndez Pelayo i la Diputació de Barcelona l'octubre de 2023. Articulat en tres blocs temàtics, el llibre explora els canvis ambientals, econòmics i socials que influeixen en la manera de construir, les innovacions tecnològiques en el sector de l'edificació i les experiències pràctiques en la construcció industrialitzada d'habitatges plurifamiliars.  |2 -- Contracoberta 
650 7 |a Dret a l'habitatge  |2 lemac  |9 10226 
650 7 |a Habitatge públic  |2 lemac  |9 43113 
650 0 7 |a Construcció sostenible  |2 lemac  |9 49845 
650 0 0 |a Construcció industrialitzada  |9 72266 
700 1 |a Wadel, Gerardo  |9 72265  |e direcció tècnica 
710 |a Barcelona (Catalunya : Província).  |b Oficina d'Habitatge  |9 56602 
856 4 0 |u https://llibreria.diba.cat/cat/llibre/la-promocio-d-habitatge-assequible-amb-sistemes-industrialitzats_70203  |y Accés lliure (Llibreria de la Diputació de Barcelona) 
942 |2 udc  |c ARXIU  |n 1 
952 |0 0  |1 0  |4 0  |6 BIB1327  |7 1  |9 98238  |a Arxiu  |b Arxiu  |d 2025-07-02  |l 0  |o Bib-1327  |p 28933  |r 2025-07-02 00:00:00  |w 2025-07-02  |y ARXIU 
999 |c 130016  |d 130016